[Pamätný pomník Pavla Országha Hviezdoslava v Bratislave]

Zobrazenie: Pamätný pomník Pavla Országha Hviezdoslava v Bratislave. Autormi pomníka sú Vojtech Ihriský a Jozef Pospíšil. Záber z 8.11.1971.

Bibliographic Details
Corporate Author: Československá tlačová kancelária (Slovensko) (Author)
Other Authors: Ihriský, Vojtech, 1899-1988 (Sculptor), Pospíšil, Jozef, 1897-1976 (Sculptor)
Format: Photo
Language:Slovak
PhysicalDescription:1 fotografia čb 13 x 18 cm
Published: [S.l. s.n.] 1971
Subjects:

MARC

LEADER 00000nkmaa2200000 a 4500
001 vtls011623012
003 SK-MaSNL
005 20260425223819.0
007 kh bo
008 230802e1971 xo | ||00 k|slo
035 |a 766EB529-7AD0-447F-8BBB-F95BAB218317 
035 |a urn:nbn:sk:snk-km43iu1 
035 |a urn:nbn:sk:snk-km00e58z 
040 |a SNKLA  |b slo  |c SNKLA  |e AACR2 
041 0 |a slo 
044 |a xo  |c SK 
110 2 |a Československá tlačová kancelária (Slovensko)  |4 aut  |9 55799 
245 1 0 |a [Pamätný pomník Pavla Országha Hviezdoslava v Bratislave]  |h grafika 
260 |a [S.l.  |b s.n.]  |c 1971 
300 |a 1 fotografia  |b čb  |c 13 x 18 cm 
520 2 |a Zobrazenie: Pamätný pomník Pavla Országha Hviezdoslava v Bratislave. Autormi pomníka sú Vojtech Ihriský a Jozef Pospíšil. Záber z 8.11.1971. 
600 1 7 |a Hviezdoslav, Pavol Országh,  |d 1849-1921  |2 SNKMA  |9 92721 
650 0 7 |a pamätné pomníky  |2 SNKLA  |9 312239 
651 7 |a Bratislava (Slovensko)  |2 SNKPH  |9 14568 
655 7 |a fotografie  |2 SNKPH  |9 70713 
700 1 |a Ihriský, Vojtech,  |d 1899-1988  |4 scl  |9 146616 
700 1 |a Pospíšil, Jozef,  |d 1897-1976  |4 scl  |9 117438 
852 7 |a Slovenská národná knižnica v Martine  |b Literárny archív 
958 |a ZO 
958 |a BLA 
999 |c 596263  |d 598193 
952 |a SNKLA  |b SNKLA  |c SNKLA_DEP  |y NEVYP  |7 0  |p 17A1191909  |o snkK 3/439  |i snkLA 4997/1978  |0 0  |1 0  |4 0  |d 2017-04-10  |f 1  |l 0  |r 2026-02-23 15:39:23  |w 2026-02-23